<?xml version="1.0" encoding="UTF-8"?>
<record
    xmlns:xsi="http://www.w3.org/2001/XMLSchema-instance"
    xsi:schemaLocation="http://www.loc.gov/MARC21/slim http://www.loc.gov/standards/marcxml/schema/MARC21slim.xsd"
    xmlns="http://www.loc.gov/MARC21/slim">

  <leader>00650nam a2200193 a 4500</leader>
  <controlfield tag="001">3016</controlfield>
  <controlfield tag="003">CDMR</controlfield>
  <controlfield tag="005">20130320110637.0</controlfield>
  <controlfield tag="008">130130s1989||||||||||||||||||||||||||||d</controlfield>
  <datafield tag="040" ind1=" " ind2=" ">
    <subfield code="a">CDMR</subfield>
    <subfield code="b">cat</subfield>
    <subfield code="c">CPC LLEIDA</subfield>
  </datafield>
  <datafield tag="245" ind1="0" ind2="0">
    <subfield code="a">Paisatge i societat a la plana de Lleida a l'Edat Mitjana</subfield>
    <subfield code="c">Jordi Bol&#xF3;s, coordinador ; Caterina Argil&#xE9;s, Xavier Eritja, Merc&#xE8; Terr&#xE8;-N&#xFA;ria Baulies</subfield>
  </datafield>
  <datafield tag="260" ind1=" " ind2=" ">
    <subfield code="a">Lleida</subfield>
    <subfield code="c">1989</subfield>
    <subfield code="b">Universitat de Lleida</subfield>
  </datafield>
  <datafield tag="490" ind1="0" ind2=" ">
    <subfield code="a">Espai/Temps</subfield>
  </datafield>
  <datafield tag="700" ind1="1" ind2=" ">
    <subfield code="9">2217</subfield>
    <subfield code="a">Bol&#xF2;s, Jordi</subfield>
  </datafield>
  <datafield tag="700" ind1="1" ind2=" ">
    <subfield code="9">495</subfield>
    <subfield code="a">Eritja Ciur&#xF3;, Xavier</subfield>
  </datafield>
  <datafield tag="700" ind1="1" ind2=" ">
    <subfield code="9">3040</subfield>
    <subfield code="a">Terr&#xE9;-N&#xFA;ria Baulies, Merc&#xE8;</subfield>
  </datafield>
  <datafield tag="700" ind1="1" ind2=" ">
    <subfield code="9">3039</subfield>
    <subfield code="a">Argil&#xE9;s, Caterina</subfield>
  </datafield>
  <datafield tag="942" ind1=" " ind2=" ">
    <subfield code="c">MON</subfield>
    <subfield code="2">udc</subfield>
  </datafield>
  <datafield tag="999" ind1=" " ind2=" ">
    <subfield code="c">3016</subfield>
    <subfield code="d">3016</subfield>
  </datafield>
  <datafield tag="952" ind1=" " ind2=" ">
    <subfield code="0">0</subfield>
    <subfield code="1">0</subfield>
    <subfield code="4">0</subfield>
    <subfield code="7">0</subfield>
    <subfield code="a">LLEIDA</subfield>
    <subfield code="b">LLEIDA</subfield>
    <subfield code="d">2011-08-05</subfield>
    <subfield code="l">0</subfield>
    <subfield code="o">452COL</subfield>
    <subfield code="p">LLEIDA1312613827</subfield>
    <subfield code="r">2013-01-16</subfield>
    <subfield code="w">2013-01-16</subfield>
    <subfield code="y">MON</subfield>
  </datafield>
</record>
